000 00884nam a2200205 i 4500
001 187934
003 ES-MaACL
005 20250816084927.0
008 180327s1931 sp |||| | spa d
100 1 _aWeise, Georg.
_9164457
245 1 3 _aLa escultura castellana en la época del Renacimiento y de la Contrarreforma
_b: conferencia pronunciada el día 31 de octubre de 1930 /
_cpor el Prof. Dr. Georg Weise.
260 _aMadrid :
_b[s.n.],
_c1931.
300 _a16 p., [8] p. de lám. ;
_c23 cm.
490 1 _aConferencias dadas en el Centro de intercambio intelectual germano-español ;
_v32
650 7 _aEscultura religiosa-
_zEspaña
_2
_9151154
650 4 _aEscultura barroca-
_zEspaña.
_9151025
830 0 0 _aConferencias dadas en el Centro de Intercambio Intelectual Germano-Español
_v32
_9192904
852 _aES-MaACL
_jC-8111(27)
999 _c187934
_d187934